书目信息 |
| 题名: |
混沌
|
|
| 作者: | 吕尔萨, , 吕尔萨 著 ;马金章 译 | |
| 分册: | ||
| 出版信息: | 北京 科学出版社 2005.01 |
|
| 页数: | 112页 | |
| 开本: | 19cm | |
| 丛书名: | 我知道什么 | |
| 单 册: | ||
| 中图分类: | O415.5-49 | |
| 科图分类: | ||
| 主题词: | 混沌学--普及读物 | |
| 电子资源: | ||
| ISBN: | 7-03-014223-3 | |
| 000 | 01009nam 2200313 450 | |
| 001 | 0140827888 | |
| 005 | 20050503174745.76 | |
| 010 | @a7-03-014223-3@d9.50CNY | |
| 100 | @a20050405d2005 km y0chiy0120 ea | |
| 101 | 1 | @achi@cfre |
| 102 | @aCN@b110000 | |
| 105 | @aa a 000yy | |
| 200 | 1 | @a混沌@Ahun dun@f(法) 吕尔萨著@F(fa)lu er sa zhu@g马金章译@Gma jin zhang yi |
| 210 | @a北京@c科学出版社@d2005.01 | |
| 215 | @a112页@c图@d19cm | |
| 225 | 2 | @a我知道什么 |
| 305 | @a本书实际出版2004年 | |
| 312 | @a并列题名取自版权页。 | |
| 320 | @a有书目 (第112页)。 | |
| 330 | @a本书包括运动分析、运动学的经典概念、决定论系统的随机特性、太阳系中的混沌、耗散系统、混沌现象、思考。 | |
| 410 | 0 | @12001 @a我知道什么 |
| 510 | 1 | @aLe chaos@zfre |
| 606 | 0 | @a混沌学@x普及读物 |
| 690 | @aO415.5-49@v4 | |
| 701 | 1 | @a吕尔萨,@Alu er sa,@bF.@g(Lurcat, Francois)@4著 |
| 701 | 0 | @a吕尔萨@Alu er sa@4著 |
| 702 | 0 | @a马金章@Ama jin zhang@4译 |
| 801 | 0 | @aCN@bQSSK@c20050503 |
| 905 | @a10447@dO415.5-49@eL888 | |
| 混沌/(法) 吕尔萨著/马金章译.-北京:科学出版社,2005.01 |
| 112页:图;19cm.-(我知道什么) |
| ISBN 7-03-014223-3:9.50CNY |
| 本书包括运动分析、运动学的经典概念、决定论系统的随机特性、太阳系中的混沌、耗散系统、混沌现象、思考。 |
| ● |
| 相关链接 |
|
|
|
正题名:混沌
索取号:O415.5-49/L888
 
预约/预借
| 序号 | 登录号 | 条形码 | 馆藏地/架位号 | 状态 | 备注 |
| 1 | 498330 | 204983303 | 自科库401/401自科库 88排1列1层/ [索取号:O415.5-49/L888] | 在馆 | |
| 2 | 498331 | 204983312 | 自科库401/401自科库 88排1列1层/ [索取号:O415.5-49/L888] | 在馆 | |
| 3 | 498332 | 204983321 | 自科库401/401自科库 87排2列5层/ [索取号:O415.5-49/L888] | 在馆 |